| 000 | 00560nam a2200217Ia 4500 | ||
|---|---|---|---|
| 008 | 191119s9999 xx 000 0 und d | ||
| 020 | _a978-971-98-1017-9 | ||
| 050 | _aFIL BJ 1025 | ||
| 050 | _b.C37 2018 | ||
| 100 | _aCariño, Jovito V. | ||
| 245 | 0 | _aFundamentals of ethics / | |
| 245 | 0 | _cJovito V. Cariño. | |
| 260 | _aPhilippines : | ||
| 260 | _bC&E Publishing, | ||
| 260 | _c2018 | ||
| 300 | _a187 pages : | ||
| 300 | _billustrations ; | ||
| 300 | _c22 cm. | ||
| 500 | _aIncludes bibliographic references and index. | ||
| 650 | _aEthics. | ||
| 999 |
_c363098 _d363098 |
||